| 000 | 00736nam a22002297a 4500 | ||
|---|---|---|---|
| 005 | 20240530110958.0 | ||
| 008 | 221204s2009 au a f b 000 0 eng d | ||
| 017 | _a2008/10018 | ||
| 020 | _a9774113926 | ||
| 040 |
_aEG-CaGPL _cEG-CaGPL |
||
| 082 | 0 | 4 |
_221 _a633.11 _bج ت |
| 100 | 0 | _aجمال محمد الشبينى | |
| 245 | 1 | 0 |
_aتقنيات زراعة وانتاج القمح / _cتاليف جمال محمد الشبينى |
| 250 | _aط.1 | ||
| 260 |
_aالاسكندرية : _bالمكتبة المصرية، _c2009 |
||
| 300 |
_a455 ص. ؛ _c24 سم. |
||
| 650 | 0 | 7 |
_2qrmak _aالقمح |
| 650 | 0 | 7 | _aالافات الزراعية |
| 651 | _2qrmak | ||
| 942 |
_2ddc _cBK |
||
| 999 |
_c67131 _d67131 |
||